"Megoldás? Üzlet?"

Bibliographic Details
Main Author: Czene, Tamás (Author)
Format: Article
Language:Hungarian
Slovak
PhysicalDescription:Fotogr.
Subjects:

MARC

LEADER 00000nab a2200000 ar4500
001 vtls008623259
003 SK-MaSNL
005 20260319071422.0
008 060120c2006 xo |||||||| 000 b|hun
015 |a SNBRB2006/01  |2 snkbucl 
038 |a SNKBUCL 
040 |a DSZK  |b slo  |c DSZK  |e AACR2 
041 0 |a slo 
044 |a xo  |c SK 
080 |a 352.9  |x (437.6)  |2 UDC-MRF-SK2 
080 |a 347.453.3  |2 UDC-MRF-SK2 
100 1 |a Czene, Tamás  |4 aut  |9 871156 
245 1 0 |a "Megoldás? Üzlet?"  |c Czene Tamás 
300 |b Fotogr. 
610 1 7 |a Tornaľa (Slovensko).  |b Mestský úrad  |2 snkbucl  |9 177595 
650 0 7 |a nebytové priestory  |x nájomné zmluvy  |x zrušenie  |2 snkbucl  |9 1070903 
650 0 7 |a nájomné zmluvy  |x zrušenie  |2 snkbucl  |9 1070904 
773 0 |t Vasárnap  |g Évf. 39, sz. 3 (2006), o. 14-15 
852 |a SNK  |b KIS3GCP 
852 |a DSZK  |b KIS3GCP 
958 |a HU 
958 |a SK 
999 |c 1761433  |d 1763363